000 00215nam a22000857a 4500
999 _c11479
_d11479
008 190527b ||||| |||| 00| 0 eng d
020 _a9789384603670
100 _97196
_aSINGH VIRENDER
245 _aLEARN TO PLAY WRESTLING